000 00287nam a22001337a 4500
008 181023b xxu||||| |||| 00| 0 eng d
020 _a9780874472592
041 _aeng
080 _a371
100 _a46
101 _aEDU
245 _aSucceed with Math
_cTobias,Sh
942 _2udc
_cBK
999 _c50673
_d50673